Co jest większe? #2 - Statystyki

Ogólne statystyki
  • Ten quiz został rozwiązany 39 razy
  • Średni wynik to 12 z 15
Statystyki odpowiedzi
Zagadnienie Odpowiedź % Poprawnych
Przeciętny dorosły człowiek czy noworodek płetwala błękitnego Noworodek płetwala błękitnego
97%
Jamnik czy dalmatyńczyk Dalmatyńczyk
94%
Emu czy gęś Emu
94%
Największa góra lodowa, którą kiedykolwiek zaobserwowano czy Manhattan Góra lodowa
94%
Populacja Indii dzisiaj czy populacja całej Ziemi 1000 lat temu Indie dzisiaj
91%
Największy owad czy najmniejszy ptak? Największy owad
89%
Iran czy Irak Iran
86%
Ocean Atlantycki czy Ocean Spokojny Ocean Spokojny
86%
Łączna masa wszystkich pojazdów mechanicznych na świecie czy masa wszystkich ludzi Wszystkie pojazdy mechaniczne
83%
Neptun czy Wenus Neptun
74%
Liczba ludności Detroit czy pojemność największego stadionu na świecie Detroit
71%
Kula do krokieta czy piłka tenisowa Kula do krokieta
63%
Sudan czy Teksas Sudan
63%
Najcięższy goryl na świecie lub najcięższa osoba na świecie Najcięższa osoba
40%
Przeciętny noworodek czy największy diament, jaki kiedykolwiek znaleziono Noworodek
31%
Nie znaleziono quizów pasujących do podanych kryteriów
Rozkład punktacji
Procent ludzi z każdym wynikiem
Percentyl według liczby udzielonych odpowiedzi
Twoja historia wyników
Nie rozwiązałeś tego quizu